000 00360nam a2200133Ia 4500
008 151001s9999||||xx |||||||||||||| ||und||
100 _aरा गो तळवलकर
245 _aहिंदू समाजसुधारणा
250 _a1
260 _bआर्यभूषण प्रेस
260 _c1891
300 _a50
365 _b8.5
999 _c948834
_d948831